[Event "FRA-ch Youth U18 2018"]
[Site "Agen"]
[Date "2018.04.16"]
[Round "3"]
[White "O'Sullivan, Thomas"]
[Black "Lahaderne, Romain"]
[Result "1-0"]
[WhiteElo "2291"]
[BlackElo "2068"]
[Annotator "NA RC"]
[PlyCount "83"]
[EventDate "2018.??.??"]
[EventType "swiss"]
[EventCountry "FRA"]
[SourceTitle "playchess.com"]
[Source "ChessBase"]
[SourceQuality "1"]
[TimeControl "5400+30"]

1. d4 {[%emt 0:00:00]} e6 {[%emt 0:00:21]} 2. c4 {[%emt 0:00:07]} Nf6 {[%emt 0:00:07]} 3. Nc3 {[%emt 0:00:29]} Bb4 {[%emt 0:00:45]} 4. Qc2 {[%emt 0:00:27]} O-O {[%emt 0:00:42]} 5. Nf3 {[%emt 0:00:21]} d6 {[%emt 0:12:29]} 6. g3 {[%emt 0:01:54] LiveBook: 67 Games} Bxc3+ {[%emt 0:02:17] E32: Nimzo-Indian: Classical (4 Qc2): 4...0-0} (6... b6 7. Bg2 Bb7 8. O-O Nbd7 9. b3 Qe7 10. Bb2 Bxc3 11. Qxc3 Ne4 12. Qc2 f5 13. Rad1 Rae8 14. d5 exd5 15. cxd5 Ndf6 16. Bxf6 Rxf6 17. Rd4 Rf7 18. e3 a5 19. a3 Ba6 20. Rc1 g5 {½-½ (37) Shankland,S (2666)-Caruana,F (2817) Saint Louis 2017}) 7. Qxc3 {[%emt 0:01:25]} Ne4 $146 {[%emt 0:02:51]} ({Predecessor:} 7... Nbd7 8. Bg2 Re8 9. O-O e5 10. b3 exd4 11. Nxd4 Nc5 12. Bb2 {1-0 (43) Popp,M (1970)-Ebner,J (1806) Germany 2005}) 8. Qc2 {[%emt 0:03:40]} f5 {[%emt 0:00:28]} 9. Bg2 {[%emt 0:00:07]} Nd7 {[%emt 0:12:00]} 10. O-O {[%emt 0:00:59]} Ndf6 {[%emt 0:01:36]} 11. b3 {[%emt 0:24:10]} c5 {[%emt 0:08:53]} 12. dxc5 {[%emt 0:07:08]} Nxc5 {[%emt 0:00:14]} 13. Be3 {[%emt 0:08:39]} Na6 {[%emt 0:04:39]} (13... Qc7 $14) 14. Rad1 {[%emt 0:04:56]} Qe7 {[%emt 0:07:17]} 15. Bg5 {[%emt 0:10:51]} h6 {[%emt 0:07:45]} 16. Bxf6 {[%emt 0:01:31]} Rxf6 {[%emt 0:00:25]} 17. Nd4 {[%emt 0:07:37]} e5 {[%emt 0:12:45]} 18. Nb5 {[%emt 0:00:10]} Nc7 {[%emt 0:01:09]} 19. Nc3 {[%emt 0:03:51]} Rb8 {[%emt 0:03:19]} 20. Rd3 {[%emt 0:04:02]} Bd7 {[%emt 0:05:11]} 21. Rfd1 {[%emt 0:01:52]} Bc6 $16 {[%emt 0:01:45]} 22. Qd2 {[%emt 0:00:48]} Rd8 {[%emt 0:03:40]} 23. Bd5+ {[%emt 0:05:52]} Kh7 {[%emt 0:02:27]} 24. Qe3 {[%emt 0:01:09]} Bxd5 {[%emt 0:01:53]} 25. Nxd5 {[%emt 0:02:36]} Nxd5 {[%emt 0:00:08]} 26. Rxd5 {[%emt 0:00:04]} b6 {[%emt 0:01:02]} 27. a4 {[%emt 0:00:39]} Rd7 {[%emt 0:03:38]} 28. a5 {[%emt 0:01:37]} bxa5 {[%emt 0:00:31]} 29. c5 {[%emt 0:01:16]} f4 {[%emt 0:02:00]} 30. Qe4+ {[%emt 0:00:05]} g6 {[%emt 0:00:49]} 31. c6 {[%emt 0:01:32]} Rc7 {[%emt 0:00:32]} 32. Rxa5 {[%emt 0:00:14]} fxg3 {[%emt 0:00:17]} 33. hxg3 {[%emt 0:02:15]} Qf7 {[%emt 0:00:24]} 34. Qe3 {[%emt 0:00:08]} Qe7 {[%emt 0:01:58]} 35. Rda1 {[%emt 0:01:08]} Rf7 {[%emt 0:00:17]} 36. b4 {[%emt 0:01:41]} Qg5 {[%emt 0:01:10]} 37. Qxg5 {[%emt 0:01:02]} hxg5 {[%emt 0:00:07]} 38. b5 {[%emt 0:00:05]} Kg7 {[%emt 0:01:00]} 39. Rxa7 {[%emt 0:01:08]} Kf6 {[%emt 0:00:20]} 40. Rxc7 {[%emt 0:00:52]} Rxc7 {[%emt 0:00:07]} 41. Rb1 {[%emt 0:00:29]} Rc8 {[%emt 0:00:52]} 42. b6 {[%emt 0:00:06]} 1-0

[Event "FRA-ch Youth U18 2018"]
[Site "Agen"]
[Date "2018.04.16"]
[Round "3"]
[White "Fournier, Loic"]
[Black "Burri, Quentin"]
[Result "0-1"]
[WhiteElo "2125"]
[BlackElo "2405"]
[Annotator "TA"]
[PlyCount "130"]
[EventDate "2018.??.??"]
[EventType "swiss"]
[EventCountry "FRA"]
[SourceTitle "playchess.com"]
[Source "ChessBase"]
[SourceQuality "1"]

{[%evp 15,130,-6,0,-15,0,-9,0,-3,36,27,31,27,32,22,18,-12,-16,-10,-14,-14,-18,-16,-21,-12,0,-25,-46,-42,-9,-33,-2,-10,17,19,25,18,46,31,46,26,54,50,46,0,0,0,0,-19,-28,-87,-84,-256,-247,-542,-545,-549,-549,-548,-523,-551,-529,-543,-545,-520,-493,-529,-537,-519,-525,-531,-525,-484,-377,-377,-368,-505,-497,-479,-479,-545,-475,-721,-736,-622,-491,-687,-689,-781,-808,-1801,-6541,-5097,-5229,-4880,-3194,-3379,-2365,-12714,-11164,-29980,-29981,-29964,-5616,-5225,-1845,-29991,-29992,-29992,-29991,-29991,-29992,-29993,-29993,-29993,-29993,-29997,-839]} 1. Nf3 c5 2. g3 Nc6 3. Bg2 e5 4. d3 g6 5. c4 Bg7 6. Nc3 Nge7 7. O-O O-O 8. Nd2 {A37: Symmetrical English vs ...g6: 4 Bg2 Bg7 5 Nf3} (8. a3 d5 9. cxd5 Nxd5 10. Nxe5 Nxc3 11. Nxc6 Nxe2+ 12. Qxe2 bxc6 13. Be3 Rb8 14. Bxc5 Re8 15. Qf3 Rxb2 16. Rab1 Bd7 17. Rxb2 Bxb2 18. d4 Bf5 19. Qxc6 Bd3 20. Rd1 Bc2 21. Rf1 Bd3 22. Rd1 Bc2 23. Rf1 {½-½ (23) Radjabov,T (2738)-Vachier Lagrave,M (2758) Berlin 2015}) 8... d6 {LiveBook: 3 Games} 9. Nd5 Be6 10. Rb1 {The position is equal.} Qd7 11. a3 Bh3 $146 ({Predecessor:} 11... Rab8 12. b3 a6 13. e3 Bh3 14. Nxe7+ Nxe7 15. Bxh3 Qxh3 {½-½ (43) Basalaev,I-Anatsky,A Kiev 2002}) 12. Bxh3 Qxh3 13. Ne4 Nxd5 14. cxd5 Ne7 $1 15. Nxd6 (15. b4 {is more complex.} b6 16. bxc5 dxc5 17. Ng5 Qd7 18. e4) 15... Qd7 16. Ne4 Qxd5 17. Be3 b6 18. b4 cxb4 19. axb4 Rac8 20. Qb3 Qxb3 21. Rxb3 f5 22. Nc3 f4 23. Bd2 f3 24. exf3 Rxf3 25. Ne4 h6 26. Ra3 Rc7 27. Kg2 Rf8 28. Rfa1 Nc8 29. Nc3 Rd7 30. Nb5 {[%cal Rb5a7]} e4 $36 {[%mdl 2048] Black has some pressure.} 31. d4 Rd5 32. Nxa7 (32. Nc7 $11 {keeps the balance.} Bxd4 33. Be3 Bxa1 34. Nxd5) 32... Bxd4 $17 33. Nxc8 $2 (33. Be3 $17 {keeps fighting.} Nxa7 34. Bxd4) 33... Rxf2+ $19 (33... Rxc8 34. R1a2 $11) 34. Kh1 $2 {[#]} (34. Kh3 Rh5+ 35. Kg4 Bxa1 36. Be3) 34... Rh5 $1 {[%csl Gh5][%cal Rf2h2]} ({Weaker is} 34... Rxd2 35. Ne7+ Kf7 36. Nxd5 $11) 35. h4 {Strongly threatening Be3.} Bxa1 ({Not} 35... Rxd2 36. Re1 $17) 36. Rxa1 Rxd2 37. Nxb6 {[%mdl 4096] Endgame KRR-KRN} Rf5 38. Nc4 Rd4 39. Rc1 Rd3 40. Kh2 Rb5 41. Re1 Rd4 42. Ne3 Rbxb4 43. Kh3 {and the idea Nc2 leaves White hopeful.} Rb3 44. Kg4 Rd7 45. Kf4 Re7 46. Re2 Kg7 47. Re1 Rb8 48. Kg4 (48. h5 $142) 48... h5+ 49. Kh3 Rd8 50. g4 Rf7 51. gxh5 gxh5 52. Nc4 Rf3+ 53. Kg2 Rd4 54. Ne3 Rd2+ 55. Kg1 Kf6 56. Nc4 Rd4 57. Ne3 Ke5 58. Re2 Kf4 59. Ng2+ Kg4 (59... Kg3 $142 60. Ne1 {[#]} e3 $1 {[%mdl 512]} 61. Rg2+ Kf4) 60. Re3 Rxe3 {Black mates.} 61. Nxe3+ Kf4 62. Ng2+ Kf3 63. Kh2 Rd2 64. Kh3 Rd1 {[%cal Rd1h1]} 65. Ne1+ Rxe1 {Precision: White = 32%, Black = 72%.} 0-1

[Event "FRA-ch Youth U18 2018"]
[Site "Agen"]
[Date "2018.04.16"]
[Round "3"]
[White "Djidjeli, Sofiane"]
[Black "Mohammad, Fahim"]
[Result "0-1"]
[WhiteElo "2124"]
[BlackElo "2355"]
[Annotator "TA"]
[PlyCount "119"]
[EventDate "2018.??.??"]
[EventType "swiss"]
[EventCountry "FRA"]
[SourceTitle "playchess.com"]
[Source "ChessBase"]
[SourceQuality "1"]

{[%evp 11,119,13,52,0,8,15,4,0,50,49,67,66,83,72,67,69,94,64,76,54,69,22,7,0,15,1,9,8,11,15,40,0,0,-51,-53,-67,-35,-22,0,-10,-23,-30,70,-108,-100,-111,-95,-226,-103,-148,-77,-80,-16,-77,0,0,0,-40,-41,-70,0,-109,-111,-104,-28,-22,0,0,28,6,109,47,123,37,44,60,91,0,0,0,0,0,9,0,0,0,82,31,45,0,8,0,0,0,8,0,24,0,0,0,0,0,0,-7,0,0,0,-29975,-29976,-29961]} 1. e4 c5 2. Nf3 Nc6 3. Bb5 g6 4. c3 Bg7 5. d4 cxd4 6. cxd4 Qb6 {LiveBook: 23 Games} 7. Qe2 {B31: Sicilian: 2...Nc6 3 Bb5 g6} (7. Nc3 $14) 7... a6 8. Bxc6 dxc6 9. h3 {The position is equal.} Nf6 10. O-O O-O 11. Nc3 Nd7 $146 {[%cal Bf6d7,Bd7b6,Bb6c4,Bc4e3][%mdl 32]} ({Find the theoretical novelty and annotate with similar games:} 11... Bd7 12. Rd1 Rad8 13. Bg5 Rfe8 14. Rac1 Be6 15. b3 {1-0 (36) Kalod,R (2512)-Plat,V (2216) Ceska Trebova 2006}) 12. Be3 Qa5 13. Rab1 h6 14. Qd2 Kh7 15. b4 Qd8 16. Rfc1 Nb6 17. d5 {Threatens to win with dxc6.} Nc4 18. Qe2 Nxe3 19. Qxe3 Bd7 20. Rd1 Qe8 21. Rbc1 Rc8 22. Qd3 (22. d6 $11) 22... cxd5 $15 23. Nxd5 {Strongly threatening Nc7.} Bb5 24. Qe3 {Nc7 is the strong threat.} Ba4 25. Rxc8 Qxc8 26. Rc1 Qe6 (26... Qd8 $11) 27. Qc5 $2 (27. Rc7 $14 {is the one way to stay ahead.}) 27... Qxe4 $17 28. Re1 Qf5 29. Rxe7 (29. Nb6 $17 Bc6 30. Qxf5 gxf5 31. Rxe7) 29... Bc6 (29... Rc8 $19 30. Rc7 Rxc7 31. Nxc7 Qb1+ 32. Kh2 Qxa2) 30. Ne3 Qf6 ({Black should try} 30... Qb1+ 31. Kh2 Qxa2) 31. Ng4 Qb2 (31... Qa1+ $17 32. Kh2 Qxa2) 32. Qc4 (32. Nge5 $11) 32... Bb5 (32... Qa1+ $17 33. Re1 Qc3 34. Qxc3 Bxc3) 33. Qf4 $36 {[%mdl 2048] White is pushing.} Qxa2 34. Nge5 {[%cal Re5f7]} Kg8 35. Ng4 h5 (35... Bc6 $15) 36. Nh6+ (36. Nf6+ $1 $11 Bxf6 37. Qxf6) 36... Bxh6 $1 $17 37. Qxh6 Qa1+ (37... Re8 $17 38. Rxe8+ Bxe8) 38. Kh2 $11 Qg7 39. Qf4 Bc6 (39... Re8 $5 {[%cal Re8e7]} 40. Rxb7 Bc6 $11) 40. Ng5 Bd5 (40... Re8 $1 $11 {keeps the balance.} 41. Ne6 (41. Rxf7 Qe5 $11) 41... Qh7 42. Rxe8+ Bxe8) 41. Qd6 (41. Rd7 $1 $16 {[%cal Rd7d5]} Bc6 42. Ne6 $1 {[%mdl 512]} fxe6 43. Rxg7+ Kxg7 44. Qc7+ Rf7 45. Qe5+ Kh7 46. f3) 41... Bc4 ({Better is} 41... Bc6 $14) 42. Rxb7 (42. Ne4 $1 $16) 42... Re8 $1 $14 43. Rc7 Bb3 {[#]} 44. Rc6 (44. Rc5 $1 $16) 44... Qb2 45. Qg3 Bd5 46. Rd6 Bc4 47. Rc6 Bd5 48. Rd6 Qa2 {[#]} (48... Bc4 $11) 49. Qd3 (49. Rd7 $1 $16) 49... Bc4 $1 {[%cal Rc4d3]} 50. Qg3 (50. Qc3 {NOTEXT} Qe2 51. f4 h4 52. Nf3 Bb5 53. Nxh4 Qe3 54. Qf6) 50... Qe2 (50... Bd5 {NOTEXT}) 51. Nf3 Qe7 52. Rd4 Be6 53. Rd6 Bf5 54. Rxa6 Qxb4 55. Nh4 Qb1 56. Nxf5 Qxf5 57. Rb6 Re1 58. Rb8+ Kh7 59. Rh8+ $2 {[%mdl 8192]} (59. Rb4 $11) 59... Kxh8 60. Qc3+ {Precision: White = 30%, Black = 30%.} 0-1

[Event "FRA-ch Youth U18 2018"]
[Site "Agen"]
[Date "2018.04.16"]
[Round "3"]
[White "Rollot, Florence"]
[Black "Chachiachvili, Mariam"]
[Result "1/2-1/2"]
[WhiteElo "2042"]
[BlackElo "1752"]
[Annotator "NA RC"]
[PlyCount "124"]
[EventDate "2018.??.??"]
[EventType "swiss"]
[EventCountry "FRA"]
[SourceTitle "playchess.com"]
[Source "ChessBase"]
[SourceQuality "1"]
[TimeControl "5400+30"]

1. Nf3 {[%emt 0:00:00]} Nf6 {[%emt 0:00:24]} 2. c4 {[%emt 0:00:00]} g6 {[%emt 0:00:15]} 3. g3 {[%emt 0:00:00]} Bg7 {[%emt 0:00:06]} 4. Bg2 {[%emt 0:00:00]} d6 {[%emt 0:00:17]} 5. Nc3 {[%emt 0:00:23]} O-O {[%emt 0:00:30]} 6. O-O {[%emt 0:00:25]} e5 {[%emt 0:00:40]} 7. d3 {[%emt 0:02:23]} Nc6 {[%emt 0:00:45]} 8. Rb1 {[%emt 0:01:09]} Bd7 {[%emt 0:00:42] LiveBook: 17 Games} 9. b4 {[%emt 0:02:57] A26: English Opening vs King's Indian with ...Nc6 and d3} a6 {[%emt 0:00:20]} (9... Qc8 10. b5 Nd8 11. Qc2 Bh3 12. Nd5 Nxd5 13. Bxh3 Qxh3 14. cxd5 Qd7 15. Be3 f5 16. Rfc1 f4 17. Bd2 Rc8 18. Rb4 {1-0 (39) Iskandarov,M (2397)-Fedoseev,V (2672) Kocaeli 2014}) 10. a4 {[%emt 0:01:35]} a5 {[%emt 0:04:27]} 11. b5 $1 {[%emt 0:02:49]} Nb4 {[%emt 0:00:14]} 12. Ba3 {[%emt 0:00:57]} c5 {[%emt 0:00:17]} 13. bxc6 {[%emt 0:00:37]} bxc6 {[%emt 0:00:07]} 14. Bxb4 {[%emt 0:00:45]} axb4 {[%emt 0:00:05]} 15. Rxb4 {[%emt 0:00:39]} Qa5 {[%emt 0:00:18]} 16. Qb3 {[%emt 0:04:55]} Rfc8 $146 {[%emt 0:14:45]} ({Predecessor:} 16... Ra7 17. Rb7 Rxb7 18. Qxb7 Qxc3 {0-1 (38) Seeman,T (2429)-Gorgorinis,P (2015) Dos Hermanas 2004}) 17. Ng5 {[%emt 0:07:43]} h6 {[%emt 0:05:54]} 18. Nge4 {[%emt 0:01:30]} Ne8 {[%emt 0:01:20]} 19. Rb7 {[%emt 0:05:49]} Be6 {[%emt 0:05:24]} 20. Nd2 {[%emt 0:17:20]} e4 {[%emt 0:11:41]} 21. Ndb1 {[%emt 0:05:38]} d5 {[%emt 0:07:15]} 22. Qb4 $11 {[%emt 0:12:25]} exd3 {[%emt 0:04:17]} 23. exd3 {[%emt 0:07:01]} dxc4 {[%emt 0:12:47]} 24. dxc4 {[%emt 0:01:54]} Qxb4 {[%emt 0:00:09]} 25. Rxb4 {[%emt 0:00:13]} c5 {[%emt 0:00:25]} 26. Rb6 {[%emt 0:00:45]} Rab8 {[%emt 0:07:26]} 27. Rxb8 {[%emt 0:03:26]} Rxb8 {[%emt 0:00:03]} 28. Nd5 {[%emt 0:00:48]} Nd6 {[%emt 0:02:47]} 29. a5 {[%emt 0:03:16]} Rb2 {[%emt 0:08:36]} 30. a6 {[%emt 0:03:16]} Ra2 {[%emt 0:00:51]} 31. Nc7 {[%emt 0:01:53]} Bxc4 {[%emt 0:00:44]} 32. Rd1 {[%emt 0:05:32]} Bd4 {[%emt 0:01:56]} 33. Nd2 {[%emt 0:04:38]} Bxa6 {[%emt 0:02:04]} 34. Nxa6 {[%emt 0:02:30]} Rxa6 {[%emt 0:00:04]} 35. Nb3 {[%emt 0:00:11]} Ra4 {[%emt 0:06:20]} 36. Bd5 {[%emt 0:00:10]} Rb4 {[%emt 0:01:14]} 37. Kg2 {[%emt 0:00:34]} Nb5 {[%emt 0:00:22]} 38. Re1 {[%emt 0:01:25]} Nc3 {[%emt 0:00:54]} 39. Nxd4 {[%emt 0:00:31]} cxd4 {[%emt 0:01:11]} 40. Re8+ {[%emt 0:00:54]} Kg7 {[%emt 0:00:16]} 41. Bf3 {[%emt 0:00:21]} Kf6 {[%emt 0:01:11]} 42. Rc8 {[%emt 0:00:22]} Rb6 {[%emt 0:01:02]} 43. Rc7 {[%emt 0:00:36]} Rd6 {[%emt 0:00:39]} 44. Kf1 {[%emt 0:00:28]} Nb5 {[%emt 0:00:39]} 45. Rb7 {[%emt 0:00:49]} Nc3 {[%emt 0:00:06]} 46. Ke1 {[%emt 0:00:40]} d3 {[%emt 0:00:35]} 47. Kd2 {[%emt 0:00:21]} Na4 {[%emt 0:00:43]} 48. Rb3 {[%emt 0:00:33]} Nc5 {[%emt 0:00:40]} 49. Rc3 {[%emt 0:00:03]} Na4 {[%emt 0:00:29]} 50. Rc4 {[%emt 0:00:08]} Nb6 {[%emt 0:00:31]} 51. Rb4 {[%emt 0:00:13]} Nd7 {[%emt 0:00:29]} 52. Be4 {[%emt 0:01:32]} Ne5 {[%emt 0:00:39]} 53. f4 {[%emt 0:00:22]} Ng4 {[%emt 0:00:33]} 54. Bxd3 {[%emt 0:00:56]} Nxh2 {[%emt 0:00:24]} 55. Ke2 {[%emt 0:00:27]} Ng4 {[%emt 0:00:20]} 56. Bc4 {[%emt 0:00:28]} h5 {[%emt 0:00:12]} 57. Rb7 {[%emt 0:00:22]} Nh6 {[%emt 0:00:04]} 58. Rc7 {[%emt 0:00:40]} Rb6 {[%emt 0:00:50]} 59. Kf3 {[%emt 0:00:16]} Rb1 {[%emt 0:01:03]} 60. Rc6+ {[%emt 0:00:21]} Kg7 {[%emt 0:00:23]} 61. Rc7 {[%emt 0:00:42]} Re1 62. Kf2 {[%emt 0:00:40]} Ra1 {[%emt 0:01:07]} 1/2-1/2

[Event "FRA-ch Youth U18 2018"]
[Site "Agen"]
[Date "2018.04.16"]
[Round "3"]
[White "Belluire, Beatrice"]
[Black "Lomandong, Noela-Joyce"]
[Result "1/2-1/2"]
[WhiteElo "1818"]
[BlackElo "2053"]
[Annotator "NA RC"]
[PlyCount "100"]
[EventDate "2018.??.??"]
[EventType "swiss"]
[EventCountry "FRA"]
[SourceTitle "playchess.com"]
[Source "ChessBase"]
[SourceQuality "1"]
[TimeControl "5400+30"]

1. e4 {[%emt 0:00:00]} g6 {[%emt 0:01:53]} 2. d4 {[%emt 0:00:00]} Bg7 {[%emt 0:00:12]} 3. Nc3 {[%emt 0:00:00]} d6 {[%emt 0:01:45]} 4. Be3 {[%emt 0:00:06]} a6 {[%emt 0:01:03]} 5. Qd2 {[%emt 0:06:23]} Nd7 {[%emt 0:00:58]} 6. O-O-O {[%emt 0:03:02]} b5 {[%emt 0:01:37]} 7. f3 {[%emt 0:02:13]} Bb7 {[%emt 0:00:58]} 8. h4 {[%emt 0:01:05]} h5 $11 {[%emt 0:05:56] LiveBook: 70 Games} 9. Nh3 {[%emt 0:01:21]} c6 {[%emt 0:01:52]} 10. Ng5 {[%emt 0:01:21]} Qa5 {[%emt 0:08:38]} 11. Kb1 {[%emt 0:01:27]} Ngf6 {[%emt 0:06:34]} 12. Qf2 {[%emt 0:07:18]} Nh7 {[%emt 0:12:58]} 13. Nxh7 {[%emt 0:11:48]} Rxh7 {[%emt 0:00:13]} 14. e5 {[%emt 0:08:51]} b4 {[%emt 0:08:22]} 15. Ne4 {[%emt 0:00:47]} dxe5 {[%emt 0:16:20]} 16. dxe5 {[%emt 0:01:54]} Bxe5 {[%emt 0:01:46]} 17. Rxd7 {[%emt 0:17:00]} Kxd7 {[%emt 0:00:23]} 18. Bb6 {[%emt 0:00:02]} Qd5 {[%emt 0:00:36]} 19. Be2 {[%emt 0:00:10]} Bd6 {[%emt 0:17:41]} 20. Rd1 {[%emt 0:00:51]} Qe5 {[%emt 0:00:12]} 21. Rxd6+ {[%emt 0:14:33]} exd6 {[%emt 0:01:29]} 22. Bd4 {[%emt 0:00:02]} Qe7 {[%emt 0:02:02]} 23. Nf6+ {[%emt 0:00:21]} Kc7 {[%emt 0:00:17]} 24. Nxh7 {[%emt 0:03:05]} c5 {[%emt 0:01:26]} 25. Bf6 {[%emt 0:02:38]} Qe6 {[%emt 0:00:01]} 26. b3 {[%emt 0:04:00]} Re8 {[%emt 0:04:49]} 27. Bc4 {[%emt 0:00:26]} Qe1+ {[%emt 0:00:47]} 28. Qxe1 Rxe1+ 29. Kb2 {[%emt 0:00:03]} d5 {[%emt 0:00:46]} 30. Bd3 {[%emt 0:00:03]} a5 {[%emt 0:00:34]} 31. Ng5 {[%emt 0:00:52]} a4 {[%emt 0:00:07]} 32. c4 {[%emt 0:05:24]} bxc3+ {[%emt 0:01:39]} 33. Bxc3 {[%emt 0:05:01]} Rg1 {[%emt 0:01:07]} 34. Be5+ {[%emt 0:01:10]} Kb6 {[%emt 0:00:55]} 35. g3 {[%emt 0:01:10]} Rg2+ {[%emt 0:00:27]} 36. Ka3 {[%emt 0:01:50]} axb3 {[%emt 0:00:48]} 37. axb3 {[%emt 0:00:15]} Rd2 {[%emt 0:00:39]} 38. Bb1 {[%emt 0:00:50]} f5 {[%emt 0:00:29]} 39. Bf4 {[%emt 0:00:29]} Rf2 {[%emt 0:00:47]} 40. Bd3 {[%emt 0:01:04]} d4 {[%emt 0:00:36]} 41. Bc4 {[%emt 0:00:45]} Ba6 {[%emt 0:00:37]} 42. Bf7 {[%emt 0:00:43]} Bd3 {[%emt 0:00:12]} 43. b4 {[%emt 0:00:30]} cxb4+ {[%emt 0:00:52]} 44. Kxb4 {[%emt 0:00:05]} Rb2+ {[%emt 0:00:22]} 45. Ka3 {[%emt 0:00:02]} Rf2 {[%emt 0:00:42]} 46. Be5 {[%emt 0:01:25]} Kc5 {[%emt 0:00:30]} 47. Ne6+ {[%emt 0:00:26]} Kd5 {[%emt 0:00:30]} 48. f4 {[%emt 0:00:21]} Ke4 {[%emt 0:00:30]} 49. Nxd4 {[%emt 0:00:37]} Rg2 {[%emt 0:00:17]} 50. Bxg6 Rxg3 1/2-1/2

[Event "FRA-ch Youth U18 2018"]
[Site "Agen"]
[Date "2018.04.16"]
[Round "3"]
[White "Donias, Orlane"]
[Black "Milroy, Melena"]
[Result "0-1"]
[WhiteElo "1752"]
[BlackElo "1718"]
[Annotator "NA RC"]
[PlyCount "126"]
[EventDate "2018.??.??"]
[EventType "swiss"]
[EventCountry "FRA"]
[SourceTitle "playchess.com"]
[Source "ChessBase"]
[SourceQuality "1"]
[TimeControl "5400+30"]

1. d4 {[%emt 0:00:00]} Nf6 {[%emt 0:00:07]} 2. Nf3 {[%emt 0:00:00]} c5 {[%emt 0:00:41]} 3. e3 {[%emt 0:02:44]} e6 {[%emt 0:00:55]} 4. c4 {[%emt 0:00:46]} g6 {[%emt 0:03:00]} 5. Nc3 {[%emt 0:01:41]} b6 {[%emt 0:04:08]} 6. d5 {[%emt 0:06:11]} exd5 {[%emt 0:00:21]} 7. cxd5 {[%emt 0:00:09]} d6 {[%emt 0:00:12]} 8. e4 {[%emt 0:02:03]} Bg7 {[%emt 0:00:28]} 9. Bb5+ {[%emt 0:02:53]} Nfd7 {[%emt 0:04:00]} 10. Bf4 {[%emt 0:07:04]} Qe7 {[%emt 0:01:15]} 11. Qe2 {[%emt 0:03:58]} O-O {[%emt 0:00:21]} 12. O-O {[%emt 0:00:50]} Nf6 {[%emt 0:02:57]} 13. Rfe1 {[%emt 0:02:07]} Nh5 {[%emt 0:01:12]} 14. Bd2 {[%emt 0:00:46]} a6 {[%emt 0:00:11]} 15. Bd3 {[%emt 0:01:09]} b5 {[%emt 0:00:33]} 16. Rab1 {[%emt 0:05:08]} Bg4 {[%emt 0:00:54]} 17. h3 {[%emt 0:00:48]} Bxf3 {[%emt 0:00:09]} 18. Qxf3 {[%emt 0:00:27]} Nd7 {[%emt 0:00:13]} 19. Bf1 {[%emt 0:03:25]} Ne5 {[%emt 0:08:38]} 20. Qd1 {[%emt 0:02:02]} Qf6 {[%emt 0:06:14]} 21. Qc1 {[%emt 0:03:17]} Qe7 {[%emt 0:07:01]} 22. Be2 {[%emt 0:06:47]} Nf6 {[%emt 0:04:49]} 23. f4 {[%emt 0:05:08]} Ned7 {[%emt 0:00:41]} 24. Bf3 {[%emt 0:00:50]} Ne8 {[%emt 0:05:43]} 25. Nd1 {[%emt 0:04:17]} Nc7 {[%emt 0:01:55]} 26. Nf2 {[%emt 0:02:09]} b4 {[%emt 0:01:52]} 27. Bxb4 {[%emt 0:06:25]} cxb4 {[%emt 0:11:29]} 28. Qxc7 {[%emt 0:00:08]} Rfc8 {[%emt 0:05:41]} 29. Qb7 {[%emt 0:01:58]} a5 {[%emt 0:06:18]} 30. Bg4 {[%emt 0:04:10]} Rd8 {[%emt 0:08:42]} 31. e5 {[%emt 0:09:28]} dxe5 {[%emt 0:05:19]} 32. fxe5 {[%emt 0:00:40]} Qe8 {[%emt 0:00:53]} 33. Bxd7 {[%emt 0:02:55]} Rxd7 {[%emt 0:00:23]} 34. Qb5 {[%emt 0:01:06]} Re7 {[%emt 0:00:58]} 35. Qxe8+ {[%emt 0:05:36]} Raxe8 {[%emt 0:00:07]} 36. Nd3 {[%emt 0:01:03]} Bxe5 {[%emt 0:00:09]} 37. Nxe5 {[%emt 0:00:50]} Rxe5 {[%emt 0:00:06]} 38. Rxe5 {[%emt 0:00:33]} Rxe5 {[%emt 0:00:04]} 39. Rd1 {[%emt 0:00:09]} Kf8 {[%emt 0:00:17]} 40. Kf2 {[%emt 0:00:21]} Ke7 {[%emt 0:00:16]} 41. d6+ {[%emt 0:02:40]} Kd7 {[%emt 0:01:03]} 42. b3 {[%emt 0:01:06]} Rc5 {[%emt 0:00:21]} 43. Rd2 {[%emt 0:00:22]} Rc6 {[%emt 0:00:06]} 44. Ke3 {[%emt 0:01:15]} Rxd6 {[%emt 0:00:27]} 45. Rf2 {[%emt 0:00:28]} Ke6 {[%emt 0:00:57]} 46. Rc2 {[%emt 0:02:22]} f5 {[%emt 0:02:54]} 47. Kf4 {[%emt 0:00:38]} h6 {[%emt 0:00:55]} 48. Ke3 {[%emt 0:01:02]} Kd5 {[%emt 0:02:41]} 49. Rd2+ {[%emt 0:00:23]} Ke5 {[%emt 0:00:10]} 50. Rc2 {[%emt 0:00:24]} g5 {[%emt 0:00:27]} 51. Rc5+ {[%emt 0:00:15]} Rd5 {[%emt 0:00:12]} 52. Rc6 {[%emt 0:00:19]} h5 {[%emt 0:01:23]} 53. Rc8 {[%emt 0:00:35]} f4+ {[%emt 0:00:15]} 54. Ke2 {[%emt 0:00:10]} g4 {[%emt 0:01:28]} 55. hxg4 {[%emt 0:00:31]} hxg4 {[%emt 0:00:03]} 56. Rg8 {[%emt 0:00:28]} Kf5 {[%emt 0:00:24]} 57. Rf8+ {[%emt 0:00:16]} Kg5 {[%emt 0:00:18]} 58. Rg8+ {[%emt 0:00:17]} Kh4 {[%emt 0:00:22]} 59. Rf8 {[%emt 0:00:53]} Kg3 {[%emt 0:00:26]} 60. Rf7 {[%emt 0:00:20]} Rd4 {[%emt 0:00:40]} 61. Rf5 {[%emt 0:00:28]} Kxg2 {[%emt 0:00:15]} 62. Rxa5 {[%emt 0:00:07]} f3+ {[%emt 0:00:29]} 63. Ke3 {[%emt 0:01:11]} Rd1 {[%emt 0:02:49]} 0-1